000 00438nam a2200193Ia 4500
005 20240823054416.0
008 240823s9999||||xx |||||||||||||| ||und||
020 _a978-81-7473-192-0
041 _aENGLISH
082 _A820 Q7
100 _aAlfred H Upham
245 0 _aEnglish Literature
250 _a1st
260 _c2017
_bAITBS Publishing
500 _aYES
650 _aEnglish
_bEnglish
942 _cBK
999 _c226388
_d226388